Kalińkam kanṭa kâvalar. (Record no. 80652)

MARC details
000 -LEADER
fixed length control field 00626cam a22002531 4500
001 - CONTROL NUMBER
control field sa 68005320
003 - CONTROL NUMBER IDENTIFIER
control field DLC
005 - DATE AND TIME OF LATEST TRANSACTION
control field 20260227112507.0
008 - FIXED-LENGTH DATA ELEMENTS--GENERAL INFORMATION
fixed length control field 890908s1962 xx 000 0 tam
010 ## - LIBRARY OF CONGRESS CONTROL NUMBER
LC control number sa 68005320
035 ## - SYSTEM CONTROL NUMBER
System control number (OCoLC)23569453
040 ## - CATALOGING SOURCE
Original cataloging agency DLC
Transcribing agency MiU
Modifying agency DLC
042 ## - AUTHENTICATION CODE
Authentication code premarc
050 00 - LIBRARY OF CONGRESS CALL NUMBER
Classification number DS451.5
Item number .G65
100 1# - MAIN ENTRY--PERSONAL NAME
Personal name Govindan, K
245 10 - TITLE STATEMENT
Title Kalińkam kanṭa kâvalar.
260 ## - PUBLICATION, DISTRIBUTION, ETC.
Date of publication, distribution, etc. [1962]
300 ## - PHYSICAL DESCRIPTION
Extent 143 p.
Dimensions 19 cm.
500 ## - GENERAL NOTE
General note #
500 ## - GENERAL NOTE
General note In Tamil.
600 00 - SUBJECT ADDED ENTRY--PERSONAL NAME
Personal name Aśoka,
Titles and other words associated with a name King of Magadha,
Dates associated with a name active 259 B.C.
650 #0 - SUBJECT ADDED ENTRY--TOPICAL TERM
Topical term or geographic name entry element Kulottunga
700 0# - ADDED ENTRY--PERSONAL NAME
Personal name Chola King,
Dates associated with a name active 1070-1118.

No items available.

Powered by Koha